000
00299nam a22001337a 4500
003
SGT
082
_a
631.5
_b
RAT
100
_a
RATHORE SANJAY SINGH
245
_a
CLIMATE SMART AGRONOMY
260
_a
NEW DELHI
_b
BHAVYA BOOK PUB.
_c
2023
300
_a
252
650
_a
AGRONOMY
942
_2
ddc
_c
BK
999
_c
26895
_d
26895